[Event "Reykjavik Open 2024"]
[Site "Reykjavik ISL"]
[Date "2024.03.18"]
[Round "5.25"]
[White "Tania, Sachdev"]
[Black "Duong, Thanh Nha"]
[Result "1-0"]
[WhiteTitle "IM"]
[BlackTitle "IM"]
[WhiteElo "2393"]
[BlackElo "2144"]
[WhiteFideId "5007844"]
[BlackFideId "2601079"]
[EventDate "2024.03.15"]

1. d4 Nf6 2. c4 e6 3. Nf3 d5 4. Nc3 Bb4 5. Qa4+ Nc6 6. a3 Bxc3+ 7. bxc3 Bd7 8.
cxd5 exd5 9. Bg5 h6 10. Bh4 O-O 11. Qc2 Qe7 12. e3 Qe6 13. Bd3 Rfe8 14. O-O Ne4
15. c4 Nd6 16. c5 Nf5 17. Bg3 Nxg3 18. hxg3 Rab8 19. Rab1 Qf6 20. Rb2 Bg4 21.
Nh2 Bc8 22. Rfb1 h5 23. Qb3 Rd8 24. Qd1 g6 25. Nf3 Kg7 26. Nh2 Rh8 27. Qf3 Qd8
28. Rc1 h4 29. g4 Qg5 30. Rcb1 Ra8 31. Bc2 Nd8 32. Bb3 c6 33. e4 Be6 34. exd5
cxd5 35. Ba4 Rc8 36. Qe3 Qf6 37. g5 Qe7 38. Qe5+ f6 39. gxf6+ Qxf6 40. Rxb7+
Nxb7 41. Rxb7+ Bf7 42. Ng4 Qxe5 43. Nxe5 Rhf8 44. Bd7 Rb8 45. Rxa7 Kh6 46. c6
Be8 47. Rb7 Ra8 48. c7 Bxd7 49. Nxd7 Rfc8 50. Nb6 Rxc7 51. Rxc7 Rxa3 52. Rc5 g5
53. Nxd5 g4 54. Rc3 Ra1+ 55. Kh2 Ra2 56. Ne3 Kg5 57. Rc2 Ra3 58. g3 hxg3+ 59.
Kxg3 Rd3 60. d5 1-0

[Event "Reykjavik Open 2024"]
[Site "Reykjavik ISL"]
[Date "2024.03.18"]
[Round "5.26"]
[White "Fernandez, Daniel Howard"]
[Black "Shivika, Rohilla"]
[Result "1-0"]
[WhiteTitle "GM"]
[BlackTitle "WFM"]
[WhiteElo "2532"]
[BlackElo "2003"]
[WhiteFideId "5801605"]
[BlackFideId "45015414"]
[EventDate "2024.03.15"]

1. e4 e5 2. Nf3 Nc6 3. Nc3 Nf6 4. a3 d5 5. Bb5 d4 6. Ne2 Bd6 7. d3 h6 8. O-O a6
9. Bxc6+ bxc6 10. Nd2 g5 11. Nc4 Be6 12. Ng3 a5 13. Bd2 a4 14. b4 axb3 15. cxb3
Rg8 16. a4 Bg4 17. Qc2 c5 18. a5 h5 19. b4 h4 20. bxc5 hxg3 21. cxd6 gxh2+ 22.
Kxh2 Rh8+ 23. Kg3 Be2 24. Rh1 Nh5+ 25. Rxh5 Rxh5 26. dxc7 Qf6 27. Nd6+ Qxd6 28.
c8=Q+ Rxc8 29. Qxc8+ Qd8 30. Qxd8+ Kxd8 31. a6 Bxd3 32. f3 Bb5 33. a7 Bc6 34.
a8=Q+ Bxa8 35. Rxa8+ Kd7 36. Ra7+ Ke6 37. Ra6+ Kd7 38. Rf6 Ke7 39. Rb6 f6 40.
Kg4 Rh2 41. Bb4+ Kf7 42. Kf5 Rxg2 43. Rxf6+ Ke8 44. Ke6 Kd8 45. Kd6 Kc8 46. Kc6
Rc2+ 47. Bc5 1-0

[Event "Reykjavik Open 2024"]
[Site "Reykjavik ISL"]
[Date "2024.03.18"]
[Round "5.35"]
[White "MacKinnon, Keith"]
[Black "Galperin, Platon"]
[Result "0-1"]
[BlackTitle "GM"]
[WhiteElo "2142"]
[BlackElo "2555"]
[WhiteFideId "2601990"]
[BlackFideId "14165414"]
[EventDate "2024.03.15"]

1. e4 c5 2. Nf3 Nc6 3. d4 cxd4 4. Nxd4 Nf6 5. Nc3 h5 6. h3 g6 7. Be2 Bg7 8. Be3
O-O 9. O-O d5 10. exd5 Nb4 11. Bf3 Nbxd5 12. Nxd5 Nxd5 13. Bg5 Nf6 14. Re1 Nh7
15. Be3 a6 16. c3 e5 17. Nb3 Qh4 18. Nc5 Rb8 19. Qd6 Bf5 20. Bxb7 Ng5 21. Qxa6
Bxh3 22. gxh3 e4 23. Nxe4 Nxe4 24. Qc6 Rfe8 25. Ba7 Re6 26. Qc4 Qg5+ 27. Kh1
Rxb7 28. Qc8+ Kh7 29. Qxb7 Qf5 30. Kg1 Qg5+ 31. Kh1 Qf4 32. Kg2 Qg5+ 33. Kh1 Qf5
34. Kg1 Re5 35. Bd4 Qf3 36. Rxe4 Rxe4 37. Qd7 Rh4 38. Bxg7 Kxg7 0-1

[Event "Reykjavik Open 2024"]
[Site "Reykjavik ISL"]
[Date "2024.03.18"]
[Round "5.36"]
[White "Birkisson, Bjorn Holm"]
[Black "Krzyzanowski, Marcin"]
[Result "1/2-1/2"]
[BlackTitle "GM"]
[WhiteElo "2140"]
[BlackElo "2524"]
[WhiteFideId "2310600"]
[BlackFideId "1132199"]
[EventDate "2024.03.15"]

1. e4 c6 2. d4 d5 3. e5 Bf5 4. h4 h5 5. Bd3 Bxd3 6. Qxd3 Qa5+ 7. Nd2 e6 8. Nf3
Nh6 9. O-O Nf5 10. g3 Qa6 11. c4 Be7 12. b3 O-O 13. a4 Rd8 14. Qc3 c5 15. dxc5
dxc4 16. b4 Nc6 17. b5 Qa5 18. Qxc4 Ncd4 19. Bb2 Nxf3+ 20. Nxf3 Rac8 21. Ba3 Rd5
22. Bb4 Qd8 23. Rac1 Nd4 24. Nxd4 Rxd4 25. Qb3 Bxh4 26. Rfd1 Bg5 27. Rxd4 Qxd4
28. Rd1 Qg4 29. Rd7 h4 30. Ba3 Qe4 31. Qd3 Qe1+ 32. Qf1 Qxe5 33. f4 Qe3+ 34. Qf2
Qxa3 35. fxg5 Qa1+ 36. Qf1 Qxf1+ 37. Kxf1 Rxc5 38. Rxb7 Rf5+ 39. Kg2 Rxg5 40.
Rxa7 Rxg3+ 41. Kh2 Rb3 42. Rb7 Ra3 43. Ra7 Rb3 44. Rb7 g5 45. a5 g4 46. a6 Rb2+
47. Kg1 Rb1+ 48. Kh2 g3+ 49. Kh3 Rh1+ 50. Kg2 Rh2+ 51. Kg1 Ra2 52. Rc7 h3 53.
Rc1 Kg7 54. Rb1 Rg2+ 55. Kh1 Rh2+ 56. Kg1 1/2-1/2

[Event "Reykjavik Open 2024"]
[Site "Reykjavik ISL"]
[Date "2024.03.18"]
[Round "5.37"]
[White "Briem, Benedikt"]
[Black "Prraneeth, Vuppala"]
[Result "0-1"]
[BlackTitle "GM"]
[WhiteElo "2102"]
[BlackElo "2506"]
[WhiteFideId "2315432"]
[BlackFideId "46622373"]
[EventDate "2024.03.15"]

1. d4 Nf6 2. c4 e6 3. g3 d5 4. Bg2 Bb4+ 5. Nd2 O-O 6. Nf3 b6 7. O-O Bb7 8. a3
Be7 9. cxd5 exd5 10. b4 Re8 11. Ne5 Nbd7 12. Ndf3 Bd6 13. Bb2 b5 14. Qc2 Nb6 15.
Nd2 Nfd7 16. Nxd7 Qxd7 17. e4 dxe4 18. Nxe4 Bd5 19. Rac1 c6 20. Ng5 f5 21. Bxd5+
cxd5 22. Qc6 Qxc6 23. Rxc6 Nc4 24. Bc1 a5 25. bxa5 Rec8 26. Rxc8+ Rxc8 27. Bf4
Bxa3 28. a6 Ra8 29. Ne6 Rxa6 30. Nc7 Ra5 31. Nxd5 b4 32. Nxb4 Bxb4 33. Rc1 Nb6
34. Rc6 Nd7 35. Rc4 Be7 36. h4 Kf7 37. Kg2 Rd5 38. Kf3 Bf6 39. Ke3 Nb6 40. Rb4
Rd7 41. Kf3 Nd5 42. Rb5 Nxf4 43. Kxf4 Rxd4+ 44. Kf3 Ke6 45. Rb6+ Rd6 46. Rb7 Rd2
47. Rb6+ Kf7 48. Rb7+ Kg6 49. Ke3 Rb2 50. Rd7 Rb3+ 51. Ke2 f4 0-1

[Event "Reykjavik Open 2024"]
[Site "Reykjavik ISL"]
[Date "2024.03.18"]
[Round "5.40"]
[White "Saine, Zachary"]
[Black "Mendes Aaron Reeve"]
[Result "1-0"]
[BlackTitle "FM"]
[WhiteElo "2010"]
[BlackElo "2309"]
[WhiteFideId "2624346"]
[BlackFideId "25954938"]
[EventDate "2024.03.15"]

1. e4 c5 2. Nf3 d6 3. d4 cxd4 4. Nxd4 Nf6 5. Nc3 a6 6. f3 e5 7. Nb3 Be6 8. Be3
Be7 9. Qd2 h5 10. Be2 Nbd7 11. Nd5 Nxd5 12. exd5 Bf5 13. O-O O-O 14. Na5 Qc7 15.
c4 h4 16. b4 Nb8 17. c5 dxc5 18. Nc4 Bf6 19. Bxc5 Nd7 20. Bxf8 Rxf8 21. Rac1 Qd8
22. Bd3 Bg5 23. Ne3 Bxd3 24. Qxd3 e4 25. Qd4 exf3 26. Rxf3 Re8 27. Rcf1 Ne5 28.
Rh3 g6 29. Nc4 Nc6 30. Qc5 Bf6 31. Qd6 Bd4+ 32. Kh1 Ne7 33. Rxh4 Bg7 34. Re4 Bf8
35. Rfe1 b5 36. Qc5 Qb8 37. d6 Rc8 38. Qb6 Nd5 39. Qxb8 Rxb8 40. d7 Nf6 41. Re8
Nxd7 42. Rxb8 Nxb8 43. Re8 Nc6 44. Ne5 Nxe5 45. Rxe5 Bxb4 46. Re8+ Kg7 47. Ra8
a5 48. Rb8 f5 49. g3 Kh6 50. Rxb5 Kg5 51. Kg2 Bc3 52. a4 Kh5 53. Kf3 Kg5 54. h3
Kh5 55. g4+ Kg5 56. h4+ Kxh4 57. gxf5 g5 58. f6 Bxf6 59. Rxa5 Kh3 60. Ra6 g4+
61. Kf4 Bh4 62. Rh6 g3 63. Kf3 g2 64. Rxh4+ Kxh4 65. Kxg2 Kg4 66. a5 Kf5 67. a6
Ke4 68. a7 Kd3 69. a8=Q Kc2 70. Qf3 Kb1 71. Qe2 Ka1 72. Kf3 Kb1 73. Ke3 Ka1 74.
Kd3 Kb1 75. Kc3 Kc1 76. Qf1# 1-0

[Event "Reykjavik Open 2024"]
[Site "Reykjavik ISL"]
[Date "2024.03.18"]
[Round "5.41"]
[White "Reimer, Philip"]
[Black "Zhu, Jiner"]
[Result "0-1"]
[BlackTitle "GM"]
[WhiteElo "2095"]
[BlackElo "2467"]
[WhiteFideId "16235860"]
[BlackFideId "8608059"]
[EventDate "2024.03.15"]

1. e4 c5 2. Nf3 d6 3. d4 cxd4 4. Nxd4 Nf6 5. Nc3 Nc6 6. Bg5 Bd7 7. Qd2 Rc8 8.
O-O-O Nxd4 9. Qxd4 Qa5 10. f4 h6 11. Bxf6 gxf6 12. f5 h5 13. Kb1 Qc5 14. g3 h4
15. g4 Bh6 16. Qxc5 Rxc5 17. Nd5 Bg5 18. c4 e6 19. Nc3 Ke7 20. h3 Bf4 21. Bd3
Rhc8 22. Rhf1 Be5 23. Ne2 b5 24. cxb5 Bxb5 25. Bxb5 Rxb5 26. b3 Rb4 27. Rc1
Rxc1+ 28. Rxc1 Rxe4 29. Nc3 Re3 30. Nb5 a6 31. Na3 Rxh3 32. Rc7+ Kd8 33. Rxf7
exf5 34. gxf5 Rh1+ 35. Kc2 h3 36. Nc4 h2 37. Nxe5 dxe5 38. Rh7 Ra1 0-1

[Event "Reykjavik Open 2024"]
[Site "Reykjavik ISL"]
[Date "2024.03.18"]
[Round "5.43"]
[White "Bulmaga, Irina"]
[Black "Fossheim, Yngve"]
[Result "0-1"]
[WhiteTitle "IM"]
[WhiteElo "2429"]
[BlackElo "2090"]
[WhiteFideId "13903063"]
[BlackFideId "1512277"]
[EventDate "2024.03.15"]

1. e4 c5 2. Nf3 Nc6 3. d4 cxd4 4. Nxd4 g6 5. c4 Nf6 6. Nc3 d6 7. Be2 Nxd4 8.
Qxd4 Bg7 9. Bg5 O-O 10. Qe3 Qa5 11. O-O Be6 12. Rfc1 Rfc8 13. b3 a6 14. a4 Re8
15. Rab1 Qc5 16. Qd2 Qb4 17. Qe1 a5 18. Bd2 Qb6 19. Be3 Qd8 20. h3 Nd7 21. f4 b6
22. Bf3 Nc5 23. Rd1 Bd7 24. Nd5 e5 25. f5 gxf5 26. Bxc5 bxc5 27. Nc3 Ra6 28. Rd3
fxe4 29. Bxe4 f5 30. Bd5+ Kh8 31. Rg3 Qf6 32. Rd1 e4 33. Kh1 Bh6 34. Qf2 Qe5 35.
Re1 e3 36. Rgxe3 Bxe3 37. Qc2 Bc6 38. Nd1 f4 39. Nf2 Bxd5 40. cxd5 Ra7 41. Ng4
Qg7 0-1

[Event "Reykjavik Open 2024"]
[Site "Reykjavik ISL"]
[Date "2024.03.18"]
[Round "5.44"]
[White "Roberts, Tallulah"]
[Black "Bokobza, Pierre"]
[Result "1-0"]
[WhiteTitle "WCM"]
[WhiteElo "1671"]
[BlackElo "1431"]
[WhiteFideId "15600572"]
[BlackFideId "653030575"]
[EventDate "2024.03.15"]

1. e4 e5 2. Nf3 Nc6 3. Bb5 a6 4. Ba4 Nf6 5. d3 b5 6. Bb3 Be7 7. O-O O-O 8. c3
Na5 9. Nxe5 Nxb3 10. axb3 Bd6 11. Nf3 Re8 12. Re1 Ng4 13. h3 Ne5 14. Nxe5 Bxe5
15. d4 Bf6 16. Nd2 d6 17. Qf3 Bb7 18. b4 d5 19. e5 Bg5 20. Nb3 Bxc1 21. Rexc1
Rf8 22. Nc5 Bc8 23. Re1 Be6 24. Nxa6 Ra7 25. Nc5 Qa8 26. Qd1 Ra2 27. Qb1 Rxa1
28. Qxa1 Qc6 29. Qb1 g6 30. g4 f5 31. exf6 Rxf6 32. Qc1 Qd6 33. g5 Rxf2 34. Kxf2
Qh2+ 35. Ke3 Qg3+ 36. Kd2 Qf2+ 37. Kd1 Qf3+ 38. Kc2 Bf5+ 39. Kb3 Kf7 40. Qe3
Qxe3 41. Rxe3 1-0

[Event "Reykjavik Open 2024"]
[Site "Reykjavik ISL"]
[Date "2024.03.18"]
[Round "5.45"]
[White "Kazarian, Anna-Maja"]
[Black "Cansdale, Zach"]
[Result "1-0"]
[WhiteTitle "FM"]
[WhiteElo "2206"]
[BlackElo "1951"]
[WhiteFideId "1033689"]
[BlackFideId "343409024"]
[EventDate "2024.03.15"]

1. e4 c6 2. d4 d5 3. f3 e6 4. Nc3 Bb4 5. Bf4 Ne7 6. Ne2 Ng6 7. Bg3 b6 8. a3 Be7
9. e5 O-O 10. Qd2 Ba6 11. Nd1 c5 12. c3 Nc6 13. b4 cxd4 14. cxd4 Bc4 15. h4 Bxh4
16. Bxh4 Nxh4 17. Kf2 Re8 18. Ne3 Ng6 19. Ng4 Nf8 20. Ng3 Ne7 21. Nh5 Nf5 22.
Ngf6+ gxf6 23. Nxf6+ Kh8 24. Qg5 Ng7 25. Qh6 Nf5 26. Qxh7+ Nxh7 27. Rxh7# 1-0

[Event "Reykjavik Open 2024"]
[Site "Reykjavik ISL"]
[Date "2024.03.18"]
[Round "5.46"]
[White "Payne, Matthew J"]
[Black "Haldorsen, Benjamin"]
[Result "0-1"]
[BlackTitle "IM"]
[WhiteElo "2077"]
[BlackElo "2426"]
[WhiteFideId "417084"]
[BlackFideId "1512633"]
[EventDate "2024.03.15"]

1. e4 c5 2. Nf3 Nc6 3. Nc3 d6 4. d4 cxd4 5. Nxd4 Nf6 6. Bg5 e6 7. Qd2 a6 8.
O-O-O Be7 9. f3 O-O 10. h4 Nxd4 11. Qxd4 b5 12. e5 dxe5 13. Qxe5 Qb6 14. Bd3 Bb7
15. Rh3 Rac8 16. g4 b4 17. Ne2 Rfd8 18. Be3 Bc5 19. Bh6 Rd5 20. Qf4 e5 21. Qg5
Bf8 22. Qe3 Bc5 23. Qg5 Ne8 24. Bxh7+ Kh8 25. Rxd5 Bxd5 26. Bxg7+ Nxg7 27. Qxe5
Qh6+ 28. Kb1 Qd2 29. Bd3 Qe1+ 0-1

[Event "Reykjavik Open 2024"]
[Site "Reykjavik ISL"]
[Date "2024.03.18"]
[Round "5.47"]
[White "Halldorsson, Bragi"]
[Black "Salimova, Nurgyul"]
[Result "1/2-1/2"]
[BlackTitle "IM"]
[WhiteElo "2056"]
[BlackElo "2426"]
[WhiteFideId "2300907"]
[BlackFideId "2915138"]
[EventDate "2024.03.15"]

1. d4 Nf6 2. c4 g6 3. Nc3 d5 4. e3 Bg7 5. Nf3 O-O 6. b4 c6 7. a4 Bg4 8. Qb3 a5
9. b5 c5 10. dxc5 Nfd7 11. Ba3 Bxf3 12. gxf3 d4 13. exd4 Bxd4 14. O-O-O Bxc5 15.
Bb2 e5 16. f4 Qh4 17. Nd5 1/2-1/2

[Event "Reykjavik Open 2024"]
[Site "Reykjavik ISL"]
[Date "2024.03.18"]
[Round "5.48"]
[White "Sidhant, Mohapatra"]
[Black "Jaksland, Tim"]
[Result "1-0"]
[WhiteTitle "IM"]
[BlackTitle "FM"]
[WhiteElo "2379"]
[BlackElo "2076"]
[WhiteFideId "5028698"]
[BlackFideId "1401084"]
[EventDate "2024.03.15"]

1. e4 e5 2. Nf3 Nc6 3. Bb5 a6 4. Ba4 Nf6 5. O-O d6 6. Bxc6+ bxc6 7. d4 exd4 8.
Nxd4 c5 9. Nb3 Be7 10. Na5 O-O 11. Nc3 Bd7 12. Bf4 Qb8 13. e5 dxe5 14. Bxe5 Bb5
15. Re1 Rd8 16. Qf3 Qb6 17. a4 Be8 18. Nc4 Qa7 19. Bg3 Rd7 20. Re2 Bf8 21. Rae1
Rd4 22. b3 Rad8 23. Be5 Bd7 24. Bxf6 Bg4 25. Qg3 Bxe2 26. Bxd4 Bxc4 27. Bf6 Rd6
28. Ne4 Be6 29. Nxd6 cxd6 30. Bc3 d5 31. Be5 Qd7 32. h3 Qc6 33. c3 Qb6 34. f4
Qxb3 35. f5 Bxf5 36. Bxg7 Bg6 37. Bf6 Qxa4 38. Qd6 Qb5 39. Qd8 1-0

[Event "Reykjavik Open 2024"]
[Site "Reykjavik ISL"]
[Date "2024.03.18"]
[Round "5.49"]
[White "Paasikangas, Johanna"]
[Black "Dauner, Benedikt"]
[Result "0-1"]
[WhiteTitle "FM"]
[BlackTitle "FM"]
[WhiteElo "2046"]
[BlackElo "2366"]
[WhiteFideId "500879"]
[BlackFideId "16225899"]
[EventDate "2024.03.15"]

1. d4 c5 2. d5 g6 3. c4 Bg7 4. Nc3 d6 5. e4 Nf6 6. Bd3 O-O 7. f4 e6 8. dxe6 fxe6
9. Nf3 Nc6 10. O-O b6 11. Kh1 Nd4 12. e5 dxe5 13. fxe5 Ng4 14. Be4 Rb8 15. Bg5
Qd7 16. Nxd4 Rxf1+ 17. Qxf1 Qxd4 18. Bh4 Ba6 19. Rd1 Ne3 20. Rxd4 Nxf1 21. Rd7
Bxe5 22. Bd3 Ne3 23. Bg5 Ng4 24. Be2 Nf2+ 25. Kg1 Bd4 26. Kf1 Rb7 27. Rd8+ Kg7
28. Ke1 Rf7 29. Bh4 Bxc3+ 30. bxc3 Ne4 31. Bd3 g5 32. Bxe4 gxh4 33. Bd3 Bb7 34.
Bf1 Kf6 35. h3 Ke5 36. Rg8 Be4 37. Rg4 Rf4 38. Rg7 a5 39. Rd7 Bb1 40. a3 Ba2 41.
Rxh7 Bxc4 42. Bxc4 Rxc4 43. Kd2 Ra4 44. Rh5+ Kd6 45. Kd3 b5 46. Rh6 Rxa3 47.
Rxh4 b4 0-1

[Event "Reykjavik Open 2024"]
[Site "Reykjavik ISL"]
[Date "2024.03.18"]
[Round "5.50"]
[White "Ruiz Buendia, Miguel"]
[Black "Franco, Gaston"]
[Result "1-0"]
[WhiteTitle "FM"]
[WhiteElo "2366"]
[BlackElo "2021"]
[WhiteFideId "24537675"]
[BlackFideId "117722"]
[EventDate "2024.03.15"]

1. e4 c5 2. Nf3 Nc6 3. Bb5 g6 4. Bxc6 dxc6 5. d3 Bg7 6. O-O Nf6 7. h3 O-O 8. Be3
b6 9. Nc3 Qc7 10. a4 a5 11. Nd2 e5 12. f4 exf4 13. Bxf4 Qd8 14. Kh1 Nd7 15. Nc4
Ba6 16. Ne3 Ne5 17. Bxe5 Bxe5 18. Ng4 Bg7 19. e5 f5 20. exf6 Bxf6 21. Nxf6+ Rxf6
22. Qd2 Qf8 23. Qe2 Kg7 24. Ne4 Re8 25. Rxf6 Qxf6 26. Qg4 Qe6 27. Qf3 c4 28. Rf1
cxd3 29. cxd3 Bxd3 30. Nc5 bxc5 31. Qxd3 Qe2 32. Qc3+ Re5 33. Rc1 Qe3 34. Qxe3
Rxe3 35. Rxc5 Rb3 36. Rxc6 Rxb2 37. Ra6 h5 38. Rxa5 Ra2 39. h4 Kh7 40. Ra7+ Kg8
41. a5 Ra4 42. g3 Ra2 43. Kg1 Kh8 44. Kf1 Kg8 45. a6 Kh8 46. Ke1 Kg8 47. Kd1 Kh8
48. Kc1 Kg8 49. Kb1 Ra5 50. Kb2 Ra4 51. Kb3 Ra1 52. Kb4 Rb1+ 53. Kc5 Ra1 54. Kd6
Ra3 55. Ke6 Re3+ 56. Kf6 Rf3+ 57. Kxg6 Rxg3+ 58. Kxh5 Rc3 59. Rb7 Rc5+ 60. Kg4 1-0

[Event "Reykjavik Open 2024"]
[Site "Reykjavik ISL"]
[Date "2024.03.18"]
[Round "5.51"]
[White "Domalchuk-Jonasson, Aleksandr"]
[Black "Weigand, Anton"]
[Result "0-1"]
[WhiteTitle "FM"]
[WhiteElo "2355"]
[BlackElo "2036"]
[WhiteFideId "14142805"]
[BlackFideId "16221915"]
[EventDate "2024.03.15"]

1. c4 e5 2. Nc3 Bb4 3. Qc2 Nf6 4. Nf3 Bxc3 5. Qxc3 e4 6. Nd4 O-O 7. b4 d5 8. e3
a5 9. b5 c5 10. bxc6 Nxc6 11. Bb2 Be6 12. Nxe6 fxe6 13. Be2 Rc8 14. O-O Nb4 15.
Qb3 Nd3 16. Bxd3 exd3 17. c5 Ne4 18. Qxd3 Nxc5 19. Qc3 Rf7 20. Rac1 Rc6 21. Qa3
Qc7 22. Rc2 b5 23. Qc3 b4 24. Qe5 Nd3 25. Rxc6 Qxc6 26. Qd4 Qc2 27. Ba1 Rb7 28.
Qg4 Qc6 29. Qe2 Qc4 30. Qh5 Qc6 31. Qe2 Nc1 32. Qd1 Nxa2 33. Qb3 Nc1 34. Qb1
Ne2+ 35. Kh1 b3 36. Qd1 Qc4 37. Bb2 d4 38. exd4 Nf4 39. Re1 Qd5 40. Qg4 Nd3 41.
Re2 Nxb2 42. Re5 Qc6 43. Rc5 Nd3 0-1

[Event "Reykjavik Open 2024"]
[Site "Reykjavik ISL"]
[Date "2024.03.18"]
[Round "5.52"]
[White "Moksh, Amit Doshi"]
[Black "Pozimski, Szymon"]
[Result "1-0"]
[WhiteTitle "IM"]
[WhiteElo "2353"]
[BlackElo "1999"]
[WhiteFideId "25064967"]
[BlackFideId "1138855"]
[EventDate "2024.03.15"]

1. d4 d5 2. c4 e6 3. Nf3 Nf6 4. Nc3 c6 5. Qd3 Nbd7 6. g3 Bd6 7. Bg2 O-O 8. O-O
dxc4 9. Qxc4 e5 10. Rd1 Qe7 11. Qb3 exd4 12. Nxd4 Nc5 13. Qc2 Be6 14. Bg5 Be5
15. Nxe6 Qxe6 16. Be3 Ncd7 17. Qa4 Nb6 18. Qb3 Qc4 19. Rd3 Rfd8 20. Rad1 Rxd3
21. Rxd3 Qxb3 22. axb3 Nbd5 23. Nxd5 Nxd5 24. Bxd5 cxd5 25. Rxd5 Bxb2 26. Bxa7
Bf6 27. Bb6 Re8 28. e3 g6 29. Rb5 Re5 30. Rb4 Be7 31. Rc4 Rb5 32. Bd4 f6 33. Rc3
Kf7 34. Kf1 h5 35. Ke2 Ke6 36. Kd3 f5 37. Kc4 Rb4+ 38. Kd3 Rb5 39. e4 fxe4+ 40.
Kxe4 Rb4 41. Re3 Rb5 42. Kd3+ Kd7 43. Kc4 Rb4+ 44. Kc3 Rb5 45. h3 Rf5 46. Re4
Rf3+ 47. Kc2 g5 48. Re2 Bd6 49. Be3 h4 50. Bxg5 hxg3 51. fxg3 Rxg3 52. h4 Rh3
53. Re3 Rh2+ 54. Kd3 Bc5 55. Rf3 Ke6 56. Kc4 b6 57. b4 Bf2 58. Rf6+ Ke5 59. Rf4
Be3 60. Rg4 Kf5 61. Rg3 Bf2 62. Rf3+ Kg4 63. Rf6 Bg1 64. Rf4+ Kh5 65. Bd8 Rd2
66. Rf5+ Kg6 67. Rg5+ Kf7 68. Rxg1 Rxd8 69. Rg4 Rd6 70. Kb5 Ke7 71. Rg7+ Kd8 72.
Rh7 Ke8 73. h5 Re6 74. h6 Rd6 75. Ka6 Rf6 76. Rh8+ Kf7 77. h7 1-0

[Event "Reykjavik Open 2024"]
[Site "Reykjavik ISL"]
[Date "2024.03.18"]
[Round "5.53"]
[White "Gortemaker, Lucas"]
[Black "Ragnarsson, Dagur"]
[Result "1-0"]
[BlackTitle "IM"]
[WhiteElo "2032"]
[BlackElo "2337"]
[WhiteFideId "1013394"]
[BlackFideId "2304058"]
[EventDate "2024.03.15"]

1. e4 e6 2. d4 d5 3. Nc3 Nf6 4. exd5 exd5 5. Bg5 Be7 6. Qd2 O-O 7. O-O-O Re8 8.
Bd3 Nc6 9. Nge2 Nb4 10. Ng3 Nxd3+ 11. Qxd3 Ng4 12. Bxe7 Qxe7 13. Qd2 Qd6 14.
Rde1 Bd7 15. f3 Nf6 16. Nd1 c5 17. Kb1 Be6 18. Ne3 Qf4 19. Ne2 Qc7 20. dxc5 Qxc5
21. Nd4 a5 22. Nef5 Nd7 23. Qg5 Qf8 24. h4 Ra6 25. h5 f6 26. Qg3 Ne5 27. Rh4 Rb6
28. Nxe6 Rexe6 29. f4 Nc4 30. Rxe6 Rxe6 31. Rg4 Re7 32. h6 g6 33. Nxe7+ Qxe7 34.
f5 g5 35. Rd4 Qd7 36. Qb8+ Kf7 37. g4 Qe7 38. a3 Qd7 39. Qh8 Qb5 40. Qxh7+ Ke8
41. Qg8+ Ke7 42. Qe6+ Kf8 43. Qxf6+ Ke8 44. Qe6+ Kf8 45. Qc8+ Kf7 46. Qc7+ Kf8
47. Rxc4 dxc4 48. h7 1-0

[Event "Reykjavik Open 2024"]
[Site "Reykjavik ISL"]
[Date "2024.03.18"]
[Round "5.54"]
[White "Cieslak, Patryk"]
[Black "Bik, Wouter"]
[Result "1-0"]
[WhiteTitle "FM"]
[WhiteElo "2325"]
[BlackElo "1998"]
[WhiteFideId "21078882"]
[BlackFideId "1037749"]
[EventDate "2024.03.15"]

1. e4 g6 2. d4 Bg7 3. Nc3 d6 4. Be3 a6 5. g4 b5 6. Bg2 Bb7 7. h4 h6 8. g5 h5 9.
d5 c5 10. Nf3 Nd7 11. O-O Qc7 12. Qe2 e6 13. Rad1 e5 14. Nd2 Ne7 15. a4 b4 16.
Ncb1 a5 17. Nc4 Ba6 18. Nbd2 Nb6 19. b3 f5 20. gxf6 Bxf6 21. f4 Nxc4 22. bxc4
O-O-O 23. fxe5 Bxe5 24. Rf7 Rdf8 25. Rdf1 Rxf7 26. Rxf7 Bd4 27. Bxd4 cxd4 28. e5
dxe5 29. Ne4 Rd8 30. d6 Rxd6 31. Nxd6+ Qxd6 32. Qe4 Kd7 33. Qa8 d3 34. cxd3 b3
35. Rf8 Nc8 36. Rf7+ Ke8 37. Rf2 Kd7 38. Bc6+ Qxc6 39. Rf7+ 1-0

[Event "Reykjavik Open 2024"]
[Site "Reykjavik ISL"]
[Date "2024.03.18"]
[Round "5.55"]
[White "Karsten, Jan"]
[Black "Frank, Anton 2006"]
[Result "1-0"]
[WhiteTitle "IM"]
[WhiteElo "2323"]
[BlackElo "1996"]
[WhiteFideId "14350653"]
[BlackFideId "1752383"]
[EventDate "2024.03.15"]

1. c4 e6 2. g3 Nf6 3. Bg2 d5 4. Nf3 Be7 5. O-O O-O 6. b3 b6 7. d4 Bb7 8. Nc3
Nbd7 9. Ne5 c6 10. Bf4 Nxe5 11. dxe5 Nd7 12. cxd5 cxd5 13. h4 Nc5 14. Rc1 a6 15.
Qd4 Rc8 16. Rfd1 Rc7 17. Rc2 Qc8 18. Rdc1 Ne4 19. Nxd5 Bc5 20. Qxe4 Bxd5 21. Qd3
Rd8 22. Bxd5 Rxd5 23. Qe4 Qd8 24. Kg2 h6 25. Be3 Bxe3 26. Qxe3 Rxc2 27. Rxc2 Rd1
28. Qe4 g6 29. Qb7 Qd5+ 30. Qxd5 Rxd5 31. f4 h5 32. Kf3 Rd1 33. Rc8+ Kg7 34. Ra8
a5 35. Rb8 a4 36. Rxb6 Rf1+ 37. Ke3 Rb1 38. Rb4 axb3 39. axb3 Rg1 40. Kf2 Rb1
41. Rb8 Rb2 42. b4 Rb3 43. b5 Rb1 44. b6 Rb3 45. e3 Rb1 46. Kf3 Rf1+ 47. Ke2 Rb1
48. Kd3 Rc1 49. Kd2 Rc4 50. Rd8 Rb4 51. Rd6 Kf8 52. Kc3 Rb1 53. Kc4 Ke7 54. Kc5
Rb3 55. Kc6 Rc3+ 56. Kb7 Rxe3 57. Kc7 1-0

[Event "Reykjavik Open 2024"]
[Site "Reykjavik ISL"]
[Date "2024.03.18"]
[Round "5.56"]
[White "Anishka, Vikram"]
[Black "Papadiamandis, Elliot"]
[Result "0-1"]
[WhiteTitle "WCM"]
[BlackTitle "IM"]
[WhiteElo "1995"]
[BlackElo "2302"]
[WhiteFideId "45013314"]
[BlackFideId "36074160"]
[EventDate "2024.03.15"]

1. d4 Nf6 2. c4 g6 3. Nc3 d5 4. cxd5 Nxd5 5. Bd2 Nb6 6. Nf3 Bg7 7. Qc1 h5 8. Bf4
Nc6 9. e3 O-O 10. Bb5 Nb4 11. O-O Bf5 12. Qd2 Rc8 13. e4 Bg4 14. Ne5 c6 15. Be2
Bxe2 16. Nxe2 Na6 17. Bh6 Bxe5 18. Bxf8 Kxf8 19. f4 Bg7 20. f5 Kg8 21. fxg6 fxg6
22. Qf4 Nc7 23. Qf7+ Kh7 24. Rad1 e6 25. Ng3 Qf8 26. e5 Qxf7 27. Rxf7 Kg8 28.
Rf3 Rd8 29. Ne4 Bxe5 30. Rfd3 Bg7 31. Nc5 Nc4 32. Rc1 Nxb2 33. Rb3 Bxd4+ 34. Kf1
b5 35. Ne4 Nc4 36. a4 Rd5 37. axb5 cxb5 38. Rg3 Re5 39. Re1 Rxe4 0-1

[Event "Reykjavik Open 2024"]
[Site "Reykjavik ISL"]
[Date "2024.03.18"]
[Round "5.58"]
[White "Xu, Yuanyuan"]
[Black "Acarbay, Algi"]
[Result "1-0"]
[WhiteTitle "WGM"]
[WhiteElo "2288"]
[BlackElo "1981"]
[WhiteFideId "8601089"]
[BlackFideId "6303692"]
[EventDate "2024.03.15"]

1. Nf3 d5 2. e3 Nf6 3. c4 e6 4. Nc3 a6 5. b3 Bd6 6. Bb2 b6 7. cxd5 exd5 8. g3
Bb7 9. Bg2 Nbd7 10. O-O O-O 11. Rc1 Re8 12. d3 Ne5 13. Nh4 Qd7 14. Ne2 Bf8 15.
Rc2 Rac8 16. Nf4 g5 17. Nh5 Nxh5 18. Qxh5 h6 19. Bxe5 Rxe5 20. f4 Rxe3 21. fxg5
Rce8 22. Bh3 Qe7 23. Nf5 Qe5 24. Nxh6+ Bxh6 25. Qxf7+ Kh8 26. gxh6 d4 27. Bg2
Bxg2 28. Rxc7 Be4 29. Qf8+ 1-0